Konkrét szálloda F&B részlegének komplex elemzése

Bibliográfiai részletek
Szerző: Gazdik Krisztián
További közreműködők: Remenyik Dr. Bulcsú
Dokumentumtípus: Projektmunka
Kulcsszavak:Kempsinki
F&B
ÉS Bisztró
Online Access:http://dolgozattar.uni-bge.hu/3855

MARC

LEADER 00000nnm a2200000 i 4500
001 dolg3855
005 20160205103227.0
008 151201suuuu hu o 000 hun d
040 |a BGE Dolgozattár Repozitórium  |b hun 
041 |a hu 
100 1 |a Gazdik Krisztián 
245 1 0 |a Konkrét szálloda F&B részlegének komplex elemzése  |c Gazdik Krisztián  |h [elektronikus dokumentum] 
246 1 1 |a Konkrét szálloda F&B részlegének komplex elemzése 
516 |a Project_work 
695 |a Kempsinki 
695 |a F&B 
695 |a ÉS Bisztró 
700 1 |a Remenyik Dr. Bulcsú  |e ths 
856 4 0 |u http://dolgozattar.uni-bge.hu/3855/1/Projektmunka%20Gazdik%20Kriszti%C3%A1n.pdf  |z Dokumentum-elérés